[Event "North Wales Major op 4th"]
[Site "Llandudno"]
[Date "2019.06.23"]
[Round "4"]
[White "Roberts, Malcolm A"]
[Black "Francis, Matthew"]
[Result "1/2-1/2"]
[WhiteElo "1616"]
[BlackElo "1697"]
[PlyCount "52"]
[EventDate "2019.06.21"]
[EventType "swiss"]
[EventRounds "5"]
[EventCountry "WLS"]
[SourceTitle "EXT 2020"]
[Source "ChessBase"]
[SourceDate "2019.10.17"]
[SourceVersion "1"]
[SourceVersionDate "2019.10.17"]
[SourceQuality "1"]

1. e4 c5 2. Nf3 a6 3. a4 e6 4. Nc3 d6 5. h3 Nf6 6. d3 Nc6 7. Bd2 Be7 8. Be2 0-0 9. 0-0 d5 10. exd5 exd5 11. Re1 h6 12. Bf1 Bd6 13. Qc1 Kh7 14. g3 Qc7 15. Bg2 Be6 16. Ne2 Qd7 17. Kh2 Rae8 18. Bf4 Bxf4 19. Nxf4 Qd6 20. Nxe6 fxe6 21. Qd2 e5 22. Rad1 Nd7 23. Kg1 Rf6 24. Nh2 Ref8 25. Rf1 Qe6 26. c3 Ne7 1/2-1/2

[Event "Dyfed op 48th"]
[Site "Fishguard"]
[Date "2019.02.23"]
[Round "3.18"]
[White "Roberts, Malcolm A"]
[Black "Leah, Howard"]
[Result "1/2-1/2"]
[WhiteElo "1630"]
[BlackElo "1613"]
[PlyCount "66"]
[EventDate "2019.02.22"]
[EventType "swiss"]
[EventRounds "5"]
[EventCountry "WLS"]
[SourceTitle "EXT 2020"]
[Source "ChessBase"]
[SourceDate "2019.10.17"]
[SourceVersion "1"]
[SourceVersionDate "2019.10.17"]
[SourceQuality "1"]

1. e4 c5 2. Nf3 e6 3. Nc3 a6 4. a4 Qc7 5. h3 Nc6 6. Bc4 Nf6 7. d3 d6 8. Bg5 Be7 9. 0-0 0-0 10. Re1 b6 11. Qc1 Bb7 12. Qe3 Rad8 13. Ne2 d5 14. exd5 exd5 15. Bb3 d4 16. Qd2 Na5 17. Ng3 Nxb3 18. cxb3 Bxf3 19. gxf3 Rfe8 20. Nf5 Nd5 21. Nxe7+ Nxe7 22. Re2 f6 23. Bf4 Qd7 24. Rae1 Nd5 25. Kg2 Rxe2 26. Rxe2 Qf5 27. Bg3 Qg6 28. Kh2 Qf5 29. Kg2 Kf8 30. Re4 Qg6 31. Kf1 f5 32. Re5 Qh5 33. Kg2 Qg6 1/2-1/2

[Event "Harrogate 4NCL op-B 21st"]
[Site "Harrogate"]
[Date "2019.01.19"]
[Round "3"]
[White "Bitlloch, Jordi"]
[Black "Roberts, Malcolm A"]
[Result "1-0"]
[WhiteElo "1765"]
[BlackElo "1676"]
[PlyCount "119"]
[EventDate "2019.01.18"]
[EventType "swiss"]
[EventRounds "5"]
[EventCountry "ENG"]
[SourceTitle "CBM 188 Extra"]
[Source "ChessBase"]
[SourceDate "2019.02.26"]
[SourceVersion "1"]
[SourceVersionDate "2019.02.26"]
[SourceQuality "1"]

1. e4 e6 2. d4 d5 3. exd5 exd5 4. c4 c6 5. Nc3 Nf6 6. Bd3 Be7 7. Nge2 dxc4 8. Bxc4 b5 9. Bb3 Bb7 10. 0-0 0-0 11. Ng3 g6 12. Bh6 Re8 13. Nce4 Nxe4 14. Nxe4 Bf8 15. Ng5 Bxh6 16. Nxf7 Qe7 17. Nxh6+ Kg7 18. Qd2 Nd7 19. Nf7 c5 20. Qh6+ Kf6 21. Qh4+ Kg7 22. Qxe7 Rxe7 23. Nd6 Bc6 24. d5 c4 25. dxc6 cxb3 26. cxd7 Rxd7 27. Nxb5 Rb8 28. Nc3 bxa2 29. Rxa2 Rbb7 30. g3 Re7 31. Kg2 Re5 32. f4 Rc5 33. Ne4 Rc2+ 34. Rf2 Rc6 35. Kh3 Re7 36. Ng5 h6 37. Nf3 Rd6 38. Ne5 g5 39. fxg5 Rxe5 40. Rxa7+ Kg6 41. gxh6 Kxh6 42. Raf7 Rh5+ 43. Kg2 Kg6 44. b4 Rb5 45. R7f4 Rb7 46. h4 Rdb6 47. Rg4+ Kh6 48. Rff4 Rd7 49. Rf8 Kh7 50. Rf5 Kh6 51. b5 Rd2+ 52. Kh3 Re6 53. Rgg5 Ree2 54. b6 Rh2+ 55. Kg4 Rd4+ 56. Rf4 Rd7 57. Rc4 Rb2 58. Rc6+ Kh7 59. Kh5 Rb3 60. Rh6# 1-0

[Event "Harrogate 4NCL op-B 21st"]
[Site "Harrogate"]
[Date "2019.01.19"]
[Round "2"]
[White "Roberts, Malcolm A"]
[Black "Horkan, Stanley"]
[Result "0-1"]
[WhiteElo "1676"]
[BlackElo "1848"]
[PlyCount "94"]
[EventDate "2019.01.18"]
[EventType "swiss"]
[EventRounds "5"]
[EventCountry "ENG"]
[SourceTitle "CBM 188 Extra"]
[Source "ChessBase"]
[SourceDate "2019.02.26"]
[SourceVersion "1"]
[SourceVersionDate "2019.02.26"]
[SourceQuality "1"]

1. e4 c5 2. Nf3 d6 3. Nc3 Nc6 4. h3 e6 5. a3 Be7 6. Bc4 Nf6 7. d3 0-0 8. 0-0 a6 9. Bd2 d5 10. Ba2 b5 11. exd5 Nxd5 12. Nxd5 exd5 13. Re1 Bf6 14. c3 Bf5 15. Be3 Be7 16. Rc1 c4 17. dxc4 dxc4 18. Bb1 Bxb1 19. Rxb1 Qc7 20. Qc2 h6 21. Rbd1 Rad8 22. Rxd8 Rxd8 23. Rd1 Bf6 24. Rxd8+ Qxd8 25. Kf1 Qd5 26. Qd2 Qxd2 27. Bxd2 Kf8 28. Ke2 Ke7 29. Ke3 Ke6 30. Ke4 Be5 31. Nd4+ Bxd4 32. cxd4 f5+ 33. Ke3 g5 34. Bc3 Kd5 35. g3 h5 36. f4 g4 37. h4 a5 38. Be1 b4 39. axb4 axb4 40. Bd2 Nxd4 41. Kf2 Nc2 42. Ke2 Ke4 43. Bc1 Nd4+ 44. Kf2 Kd3 45. Be3 c3 46. bxc3 bxc3 47. Bc1 Nb3 0-1

[Event "Harrogate 4NCL op-B 21st"]
[Site "Harrogate"]
[Date "2019.01.18"]
[Round "1"]
[White "Bagley, Andy J"]
[Black "Roberts, Malcolm A"]
[Result "1-0"]
[WhiteElo "1855"]
[BlackElo "1676"]
[PlyCount "91"]
[EventDate "2019.01.18"]
[EventType "swiss"]
[EventRounds "5"]
[EventCountry "ENG"]
[SourceTitle "CBM 188 Extra"]
[Source "ChessBase"]
[SourceDate "2019.02.26"]
[SourceVersion "1"]
[SourceVersionDate "2019.02.26"]
[SourceQuality "1"]

1. d4 d5 2. c4 c6 3. Nc3 Nf6 4. Nf3 g6 5. cxd5 cxd5 6. Bf4 a6 7. h3 Bg7 8. e3 0-0 9. Bd3 Nc6 10. 0-0 Nb4 11. Bb1 b5 12. a3 Nc6 13. b4 Bb7 14. Bd3 Rc8 15. Qb3 Na7 16. a4 Qb6 17. axb5 axb5 18. Ra5 Ne4 19. Nxd5 Bxd5 20. Qxd5 Nc3 21. Qb3 e6 22. Rfa1 Na4 23. Bxb5 Nxb5 24. R5xa4 Nc3 25. Ra6 Qb5 26. Bd6 Ne2+ 27. Kh2 Rfd8 28. Bc5 Qb8+ 29. g3 Rxc5 30. dxc5 Bxa1 31. Rxa1 Qb7 32. Ng1 Nxg1 33. Kxg1 Qf3 34. Qc3 h5 35. h4 Kh7 36. Rf1 f6 37. c6 g5 38. hxg5 fxg5 39. c7 Rc8 40. Qd3+ Kh6 41. Qd7 Qb7 42. Qxe6+ Kh7 43. Qe7+ Kg6 44. Rd1 Rxc7 45. Rd6+ Kf5 46. Qe6# 1-0

[Event "BCF-chT3N 1819 (4NCL)"]
[Site "England"]
[Date "2019.01.13"]
[Round "4.55"]
[White "Lonsdale, Jon I"]
[Black "Roberts, Malcolm A"]
[Result "1-0"]
[WhiteElo "1832"]
[BlackElo "1676"]
[PlyCount "121"]
[EventDate "2018.11.10"]
[EventType "team-swiss"]
[EventRounds "11"]
[EventCountry "ENG"]
[SourceTitle "EXT 2021"]
[Source "ChessBase"]
[SourceDate "2020.10.23"]
[SourceVersion "1"]
[SourceVersionDate "2020.10.23"]
[SourceQuality "1"]
[WhiteTeam "Manchester Manticores III"]
[BlackTeam "Holmes Chapel"]
[WhiteTeamCountry "ENG"]
[BlackTeamCountry "ENG"]

1. e4 e6 2. d4 d5 3. e5 c5 4. c3 cxd4 5. cxd4 Nc6 6. Nf3 Nge7 7. Bd3 Ng6 8. 0-0 Be7 9. Be3 0-0 10. Nc3 Nb4 11. Be2 Bd7 12. Rc1 a6 13. Qd2 Rc8 14. a3 Nc6 15. b4 b5 16. Bg5 Bxg5 17. Nxg5 h6 18. Nf3 Nce7 19. Bd3 Qb6 20. Ne2 Rc6 21. Rxc6 Bxc6 22. Nc1 Rc8 23. Nb3 Bb7 24. Rc1 Rc7 25. Bxg6 Nxg6 26. Rxc7 Qxc7 27. Nc5 Bc8 28. g3 Ne7 29. Qc3 Nf5 30. Nd2 h5 31. Nf1 g6 32. Ne3 Nxe3 33. Qxe3 Kg7 34. Qg5 Kh7 35. h4 Kg7 36. g4 hxg4 37. h5 Kh7 38. hxg6+ fxg6 39. Qxg4 Qe7 40. Kg2 Kg7 41. Kg3 Kf7 42. Qh4 Qe8 43. Qf6+ Kg8 44. Kg4 Kh7 45. Kg5 Qg8 46. Nd3 Bd7 47. Nf4 Qe8 48. Qxg6+ Qxg6+ 49. Nxg6 Kg7 50. Nf4 Kf7 51. Kh6 Be8 52. Kh7 Bd7 53. Nh3 Be8 54. Ng5+ Ke7 55. Kg7 Bh5 56. Nh3 Bg4 57. Nf4 Bf5 58. Ng6+ Ke8 59. Kf6 Bg4 60. Nf4 Kd7 61. Nd3 1-0

[Event "Paignton Morning Boniface op"]
[Site "Torquay"]
[Date "2018.09.03"]
[Round "1"]
[White "Roberts, Malcolm A"]
[Black "Burton, Ronnie"]
[Result "1/2-1/2"]
[WhiteElo "1676"]
[BlackElo "1915"]
[PlyCount "97"]
[EventDate "2018.09.03"]
[EventType "swiss"]
[EventRounds "5"]
[EventCountry "ENG"]
[SourceTitle "EXT 2021"]
[Source "ChessBase"]
[SourceDate "2020.10.23"]
[SourceVersion "1"]
[SourceVersionDate "2020.10.23"]
[SourceQuality "1"]

1. e4 d5 2. exd5 Nf6 3. Nf3 Bg4 4. Be2 Qxd5 5. Nc3 Qd7 6. Ne5 Bxe2 7. Qxe2 Qc8 8. 0-0 e6 9. d4 Be7 10. Bf4 c6 11. Qf3 0-0 12. a3 Nbd7 13. Nxd7 Qxd7 14. Rad1 Rad8 15. Rfe1 Rfe8 16. h3 Nd5 17. Nxd5 cxd5 18. c3 Qb5 19. Bc1 Bf6 20. Re2 Rc8 21. Rde1 Qc4 22. Qg4 Kf8 23. Qh5 Qd3 24. f4 b5 25. Re3 Qg6 26. Qxg6 hxg6 27. g4 a5 28. Bd2 Rc4 29. R3e2 Rb8 30. b3 Rc6 31. Ra1 Rbc8 32. b4 Ra8 33. Ree1 Rca6 34. g5 Be7 35. Rec1 Ke8 36. Kf1 axb4 37. cxb4 Rxa3 38. Rc8+ Rxc8 39. Rxa3 Kd7 40. Ra7+ Rc7 41. Rxc7+ Kxc7 42. Ke2 f6 43. h4 Bd6 44. Kf3 Kd7 45. Kg4 Ke7 46. Bc3 Kf7 47. Kf3 Be7 48. Kg4 Bd6 49. Kf3 1/2-1/2

[Event "BCF-chT3N 1718 (4NCL)"]
[Site "England"]
[Date "2018.05.05"]
[Round "9.45"]
[White "Cooper, John G"]
[Black "Roberts, Malcolm A"]
[Result "1-0"]
[WhiteElo "1930"]
[BlackElo "1629"]
[PlyCount "95"]
[EventDate "2017.11.11"]
[EventType "team-swiss"]
[EventRounds "11"]
[EventCountry "ENG"]
[SourceTitle "EXT 2020"]
[Source "ChessBase"]
[SourceDate "2019.10.17"]
[SourceVersion "1"]
[SourceVersionDate "2019.10.17"]
[SourceQuality "1"]
[WhiteTeam "Spirit of Atticus II"]
[BlackTeam "Holmes Chapel"]
[WhiteTeamCountry "ENG"]
[BlackTeamCountry "ENG"]

1. e4 e6 2. d4 d5 3. e5 c5 4. c3 cxd4 5. cxd4 Nc6 6. Nc3 a6 7. Nf3 g6 8. Be2 Nge7 9. Bg5 Bg7 10. Qd2 0-0 11. Bh6 Nf5 12. Bxg7 Kxg7 13. g4 Nh4 14. g5 Nxf3+ 15. Bxf3 Ne7 16. h4 Nf5 17. Bg4 b5 18. a3 Bb7 19. Bxf5 exf5 20. f4 Qb6 21. h5 Rac8 22. hxg6 hxg6 23. Kf2 Rh8 24. Kg3 Rxh1 25. Rxh1 Rh8 26. Rxh8 Kxh8 27. Ne2 Qc7 28. Qb4 Kg7 29. Qc5 Qxc5 30. dxc5 Kf8 31. Nd4 Ke7 32. Kf2 Bc8 33. Ke3 Kd7 34. Kd2 Kc7 35. Kc3 Bd7 36. Kb4 Bc8 37. Ka5 Kb7 38. Kb4 Kc7 39. Kc3 Bd7 40. Nb3 Be6 41. Kd4 Kc6 42. Na5+ Kc7 43. b4 Kd7 44. c6+ Kc7 45. Kc5 Kc8 46. Nb3 Kc7 47. Nd4 Kc8 48. Kb6 1-0

[Event "Harrogate 4NCL op-B 17th"]
[Site "Harrogate"]
[Date "2018.01.19"]
[Round "1"]
[White "Robson, Paul E"]
[Black "Roberts, Malcolm A"]
[Result "1/2-1/2"]
[WhiteElo "1857"]
[BlackElo "1618"]
[PlyCount "70"]
[EventDate "2018.01.19"]
[EventType "swiss"]
[EventRounds "5"]
[EventCountry "ENG"]
[SourceTitle "CBM 182 Extra"]
[Source "ChessBase"]
[SourceDate "2018.02.23"]
[SourceVersion "1"]
[SourceVersionDate "2018.02.23"]
[SourceQuality "1"]

1. c4 e5 2. g3 Nf6 3. Bg2 Nc6 4. Nc3 Bc5 5. e3 0-0 6. Nge2 Re8 7. d3 a6 8. 0-0 d6 9. Rb1 Rb8 10. a3 Bd7 11. b4 Ba7 12. b5 Ne7 13. a4 a5 14. Qb3 Bb6 15. Ba3 Be6 16. Nd5 Nexd5 17. cxd5 Bg4 18. Rfe1 Qd7 19. Qc4 Bh3 20. Nc3 Bxg2 21. Kxg2 Qg4 22. Ne4 Nxe4 23. Qxe4 Qxe4+ 24. dxe4 g6 25. Rbc1 f6 26. Rc4 Kf7 27. Rec1 Re7 28. R1c2 Rf8 29. Bc1 Kg7 30. Ba3 Ref7 31. Bc1 h6 32. Bb2 Kh7 33. Re2 Bc5 34. Bc3 Bb6 35. Be1 Kg7 1/2-1/2

[Event "GBR-ch U1750 op 104th"]
[Site "Llandudno"]
[Date "2017.08.03"]
[Round "4"]
[White "Gill, Gursharanjit S"]
[Black "Roberts, Malcolm A"]
[Result "1/2-1/2"]
[WhiteElo "1514"]
[BlackElo "1629"]
[PlyCount "82"]
[EventDate "2017.07.31"]
[EventType "swiss"]
[EventRounds "5"]
[EventCountry "WLS"]
[SourceTitle "EXT 2019"]
[Source "ChessBase"]
[SourceDate "2018.10.10"]
[SourceVersion "1"]
[SourceVersionDate "2018.10.10"]
[SourceQuality "1"]

1. c4 e5 2. Nc3 Nf6 3. Nf3 Nc6 4. g3 Be7 5. Bg2 d6 6. d3 h6 7. 0-0 0-0 8. Rb1 a5 9. a3 Bd7 10. b4 axb4 11. axb4 Qc8 12. Nb5 Na7 13. Nc3 Nc6 14. Re1 Re8 15. Bd2 Nd4 16. e3 Ne6 17. Ne2 Nf8 18. Bc3 Bh3 19. Bh1 Ng6 20. Qb3 Ng4 21. e4 Qe6 22. Bg2 Bxg2 23. Kxg2 h5 24. h3 Nh6 25. Bd2 h4 26. Bxh6 gxh6 27. d4 hxg3 28. fxg3 Kh7 29. Rf1 Rg8 30. Kh2 Rg7 31. d5 Qd7 32. Qe3 Rag8 33. Rg1 Nf8 34. c5 Qb5 35. cxd6 cxd6 36. Rgc1 Qd7 37. b5 Ng6 38. b6 Bd8 39. Rg1 Nf8 40. Nc3 Rg6 41. Ne2 R6g7 1/2-1/2

[Event "BCF-chT3Na 1516 (4NCL)"]
[Site "England"]
[Date "2016.02.14"]
[Round "6.70"]
[White "Nicholson, Jim WR"]
[Black "Roberts, Malcolm A"]
[Result "1-0"]
[WhiteElo "2006"]
[BlackElo "1769"]
[PlyCount "45"]
[EventDate "2015.11.14"]
[EventType "team-swiss"]
[EventRounds "7"]
[EventCountry "ENG"]
[SourceTitle "EXT 2017"]
[Source "ChessBase"]
[SourceDate "2016.10.25"]
[SourceVersion "1"]
[SourceVersionDate "2016.10.25"]
[SourceQuality "1"]
[WhiteTeam "Bradford DCA Knights"]
[BlackTeam "Holmes Chapel"]
[WhiteTeamCountry "ENG"]
[BlackTeamCountry "ENG"]

1. d4 d5 2. Nf3 Nf6 3. Bg5 Nbd7 4. Nbd2 e6 5. e3 Be7 6. Bd3 h6 7. Bh4 c5 8. c3 c4 9. Bc2 Nb6 10. Ne5 0-0 11. f4 Bd7 12. 0-0 Nc8 13. Kh1 Nd6 14. g4 Nfe4 15. Nxe4 dxe4 16. Bxe7 Qxe7 17. Rg1 Be8 18. g5 hxg5 19. fxg5 f6 20. gxf6 Rxf6 21. Qg4 Rc8 22. Raf1 Rh6 23. Rf7 1-0

[Event "BCF-chT3Na 1516 (4NCL)"]
[Site "England"]
[Date "2016.01.16"]
[Round "3.80"]
[White "Roberts, Malcolm A"]
[Black "Hulme, David I"]
[Result "0-1"]
[WhiteElo "1769"]
[BlackElo "1742"]
[PlyCount "70"]
[EventDate "2015.11.14"]
[EventType "team-swiss"]
[EventRounds "7"]
[EventCountry "ENG"]
[SourceTitle "CBM 170 Extra"]
[Source "ChessBase"]
[SourceDate "2016.02.25"]
[SourceVersion "1"]
[SourceVersionDate "2016.02.25"]
[SourceQuality "1"]
[WhiteTeam "Holmes Chapel"]
[BlackTeam "Spirit of Atticus III"]
[WhiteTeamCountry "ENG"]
[BlackTeamCountry "ENG"]

1. e4 e5 2. Nf3 Nc6 3. Nc3 Bc5 4. Bc4 d6 5. h3 Nf6 6. d3 Na5 7. Na4 Nxc4 8. dxc4 Nxe4 9. Nxc5 Nxc5 10. Be3 Nd7 11. 0-0 Nf6 12. Re1 Be6 13. b3 Qd7 14. Ng5 0-0 15. Nxe6 Qxe6 16. Qd3 Rad8 17. Rad1 Nd7 18. Qc3 b6 19. Bg5 Rde8 20. Rd3 f5 21. f3 f4 22. Bh4 Rf5 23. Re2 Qg6 24. Kh2 Rh5 25. Qe1 Nc5 26. Rd5 Qh6 27. Bf2 Ne6 28. Qf1 Ng5 29. Be1 Qe6 30. Bd2 Rf8 31. Bc3 Rf6 32. Bxe5 dxe5 33. Rexe5 Nxf3+ 34. Qxf3 Rxe5 35. Rd8+ Rf8 0-1

[Event "BCF-chT3Na 1516 (4NCL)"]
[Site "England"]
[Date "2015.11.15"]
[Round "2.60"]
[White "Sizeland, Chris M"]
[Black "Roberts, Malcolm A"]
[Result "1-0"]
[WhiteElo "1937"]
[BlackElo "1769"]
[PlyCount "111"]
[EventDate "2015.11.14"]
[EventType "team-swiss"]
[EventRounds "7"]
[EventCountry "ENG"]
[SourceTitle "CBM 169 Extra"]
[Source "ChessBase"]
[SourceDate "2015.12.18"]
[SourceVersion "1"]
[SourceVersionDate "2015.12.18"]
[SourceQuality "1"]
[WhiteTeam "Cheddleton II"]
[BlackTeam "Holmes Chapel"]
[WhiteTeamCountry "ENG"]
[BlackTeamCountry "ENG"]

1. d4 d5 2. Bg5 Nf6 3. Nd2 Nc6 4. Ngf3 h6 5. Bh4 Bd7 6. e3 e6 7. c3 Be7 8. Bd3 0-0 9. Ne5 Nxe5 10. dxe5 Ne8 11. Bxe7 Qxe7 12. Nf3 c5 13. Qe2 Bc6 14. 0-0 Rd8 15. Rad1 g6 16. Nd2 Ng7 17. e4 Nh5 18. f4 c4 19. Bc2 Qc5+ 20. Kh1 Qe7 21. g4 Ng7 22. Nf3 b5 23. Nd4 Qb7 24. f5 dxe4 25. f6 Ne8 26. Nxc6 Rxd1 27. Ne7+ Kh7 28. Rxd1 e3+ 29. Kg1 Qb6 30. h4 Qc5 31. h5 Qxe5 32. hxg6+ fxg6 33. Bxg6+ Kh8 34. Bxe8 Qg3+ 35. Qg2 e2 36. Ng6+ Kg8 37. Bf7+ Kh7 38. Nxf8+ Kh8 39. Ng6+ Kh7 40. Qxg3 exd1Q+ 41. Kh2 Qe2+ 42. Qg2 Qe3 43. Qc2 Qd3 44. Nf8+ Kh8 45. Qxd3 cxd3 46. Bg6 d2 47. Bc2 e5 48. Ng6+ Kg8 49. Nxe5 Kf8 50. Kg2 a5 51. Kf2 a4 52. Ke2 Kg8 53. Kxd2 h5 54. gxh5 Kh8 55. f7 Kg7 56. Bg6 1-0

[Event "BCF-chT3 1415 (4NCL)"]
[Site "England"]
[Date "2015.03.21"]
[Round "7.200"]
[White "Roberts, Malcolm A"]
[Black "McMahon, Paul"]
[Result "0-1"]
[WhiteElo "1826"]
[BlackElo "1972"]
[PlyCount "114"]
[EventDate "2015.03.21"]
[EventType "team-swiss"]
[EventRounds "11"]
[EventCountry "ENG"]
[SourceTitle "EXT 2016"]
[Source "ChessBase"]
[SourceDate "2015.10.08"]
[SourceVersion "1"]
[SourceVersionDate "2015.10.08"]
[SourceQuality "1"]
[WhiteTeam "Holmes Chapel"]
[BlackTeam "Poisoned Pawns"]
[WhiteTeamCountry "ENG"]
[BlackTeamCountry "ENG"]

1. e4 e5 2. Nf3 Nc6 3. Nc3 Bb4 4. a3 Bxc3 5. dxc3 Nf6 6. Bd3 h6 7. h3 d6 8. Be3 Be6 9. Qe2 Qd7 10. 0-0-0 a6 11. Nd2 d5 12. exd5 Nxd5 13. Ne4 Nxe3 14. Qxe3 Qe7 15. Nc5 Rb8 16. Nxe6 Qxe6 17. b3 0-0 18. g4 Qe7 19. Kb2 Qg5 20. Qxg5 hxg5 21. Rhe1 Rfe8 22. Be4 Nd8 23. Bd5 c6 24. Bc4 Re7 25. Rd6 b5 26. Bf1 Rc8 27. Red1 Ne6 28. R1d2 g6 29. Bg2 Rec7 30. b4 Kf8 31. Rd7 Nf4 32. Bf1 Ke8 33. Rxc7 Rxc7 34. Kc1 Ke7 35. Rd1 Rd7 36. Rxd7+ Kxd7 37. Kd2 Kd6 38. Ke3 Kd5 39. Kf3 e4+ 40. Ke3 Ke5 41. f3 Nd5+ 42. Kf2 Nxc3 43. fxe4 Nb1 44. Ke3 Nxa3 45. Bd3 Nc4+ 46. Bxc4 bxc4 47. c3 f6 48. Kf3 f5 49. exf5 gxf5 50. gxf5 Kxf5 51. Ke3 Ke5 52. Kf3 c5 53. Ke3 cxb4 54. cxb4 Kd5 55. Kd2 Kd4 56. Kc2 c3 57. Kc1 Kc4 0-1

[Event "Guernsey Holiday op 39th"]
[Site "Guernsey"]
[Date "2013.10.25"]
[Round "6"]
[White "Savident, David B"]
[Black "Roberts, Malcolm A"]
[Result "1/2-1/2"]
[WhiteElo "1714"]
[BlackElo "1608"]
[PlyCount "63"]
[EventDate "2013.10.20"]
[EventType "swiss"]
[EventRounds "7"]
[EventCountry "GCI"]
[SourceTitle "EXT 2022"]
[Source "ChessBase"]
[SourceDate "2021.10.06"]
[SourceVersion "1"]
[SourceVersionDate "2021.10.06"]
[SourceQuality "1"]

1. e4 e6 2. Nf3 d5 3. Nc3 dxe4 4. Nxe4 Be7 5. d4 Nf6 6. Bd3 Nbd7 7. c3 b6 8. 0-0 Bb7 9. Re1 0-0 10. Qc2 Rc8 11. Bf4 Nh5 12. Bg5 Bxg5 13. Nexg5 g6 14. Be4 Bxe4 15. Qxe4 h6 16. Nxe6 fxe6 17. Qxg6+ Ng7 18. Rxe6 Rf6 19. Rxf6 Qxf6 20. Qg4 Rd8 21. Re1 Kh8 22. Nh4 Nf8 23. Re5 Re8 24. f4 c5 25. Rxe8 Nxe8 26. dxc5 bxc5 27. f5 Qe5 28. h3 Qe1+ 29. Kh2 Qe5+ 30. Kh1 Qe1+ 31. Kh2 Qe5+ 32. Kh1 1/2-1/2

[Event "Guernsey Holiday op 39th"]
[Site "Guernsey"]
[Date "2013.10.24"]
[Round "5"]
[White "Roberts, Malcolm A"]
[Black "Ruigrok, Jacques"]
[Result "1-0"]
[WhiteElo "1608"]
[BlackElo "1683"]
[PlyCount "83"]
[EventDate "2013.10.20"]
[EventType "swiss"]
[EventRounds "7"]
[EventCountry "GCI"]
[SourceTitle "EXT 2022"]
[Source "ChessBase"]
[SourceDate "2021.10.06"]
[SourceVersion "1"]
[SourceVersionDate "2021.10.06"]
[SourceQuality "1"]

1. e4 e5 2. Nf3 Nc6 3. Nc3 Nf6 4. Bc4 Bc5 5. d3 d6 6. h3 Na5 7. Bb3 Nxb3 8. axb3 a6 9. Bg5 h6 10. Bd2 c6 11. Na4 Ba7 12. Nc3 0-0 13. Ne2 Re8 14. Ng3 d5 15. 0-0 Qc7 16. Re1 dxe4 17. Nxe4 Nxe4 18. Rxe4 f5 19. Re2 Bd7 20. Qe1 Bb8 21. Bc3 e4 22. dxe4 Ba7 23. exf5 Rxe2 24. Qxe2 Re8 25. Qc4+ Kf8 26. Nh4 Ke7 27. Re1+ Kd8 28. Rxe8+ Bxe8 29. f6 gxf6 30. Bxf6+ Kc8 31. Qe6+ Qd7 32. Qe2 Bf7 33. Bc3 Bc5 34. Nf3 Bd6 35. Qe3 Qf5 36. Qxh6 Bf4 37. Qf8+ Kd7 38. Nd4 Qd5 39. Qg7 Be5 40. Qg4+ Kc7 41. Qf3 Bxd4 42. Qf4+ 1-0

[Event "Guernsey Holiday op 39th"]
[Site "Guernsey"]
[Date "2013.10.23"]
[Round "4"]
[White "Baart, Edwin"]
[Black "Roberts, Malcolm A"]
[Result "1/2-1/2"]
[WhiteElo "1681"]
[BlackElo "1608"]
[PlyCount "70"]
[EventDate "2013.10.20"]
[EventType "swiss"]
[EventRounds "7"]
[EventCountry "GCI"]
[SourceTitle "EXT 2022"]
[Source "ChessBase"]
[SourceDate "2021.10.06"]
[SourceVersion "1"]
[SourceVersionDate "2021.10.06"]
[SourceQuality "1"]

1. d4 d5 2. Nf3 Nf6 3. c4 c6 4. Nc3 e6 5. Bg5 Be7 6. e3 Nbd7 7. Qc2 h6 8. Bh4 b6 9. Be2 Bb7 10. 0-0 0-0 11. Rac1 Rc8 12. cxd5 cxd5 13. Qa4 a5 14. Bb5 Nb8 15. Ne5 Nh5 16. Bxe7 Qxe7 17. a3 Rc7 18. Be2 Nf6 19. Nb5 Rxc1 20. Rxc1 Rc8 21. Rxc8+ Bxc8 22. Qc2 Ba6 23. Kf1 Ne8 24. Ke1 Qb7 25. a4 Bxb5 26. Bxb5 Nd6 27. Be2 f6 28. Ng6 Nc6 29. Nf4 Nb4 30. Qg6 Qe7 31. Bd3 Nxd3+ 32. Qxd3 Qd7 33. b3 f5 34. f3 Qc8 35. Kd2 Kf7 1/2-1/2

[Event "Guernsey Holiday op 39th"]
[Site "Guernsey"]
[Date "2013.10.22"]
[Round "3"]
[White "Collins, Alan"]
[Black "Roberts, Malcolm A"]
[Result "1/2-1/2"]
[WhiteElo "1720"]
[BlackElo "1608"]
[PlyCount "35"]
[EventDate "2013.10.20"]
[EventType "swiss"]
[EventRounds "7"]
[EventCountry "GCI"]
[SourceTitle "EXT 2022"]
[Source "ChessBase"]
[SourceDate "2021.10.06"]
[SourceVersion "1"]
[SourceVersionDate "2021.10.06"]
[SourceQuality "1"]

1. d4 d5 2. Nf3 Nf6 3. b3 e6 4. Bb2 Bd6 5. e3 Nbd7 6. Bd3 b6 7. Nbd2 Bb7 8. 0-0 0-0 9. Re1 Rc8 10. e4 dxe4 11. Nxe4 Nxe4 12. Bxe4 Bxe4 13. Rxe4 Nf6 14. Re2 c6 15. Qd3 Qc7 16. g3 h6 17. Rae1 Rfe8 18. Ne5 1/2-1/2

[Event "Guernsey Holiday op"]
[Site "Guernsey"]
[Date "2011.10.17"]
[Round "2"]
[White "Harnden, Terry"]
[Black "Roberts, Malcolm A"]
[Result "1/2-1/2"]
[WhiteElo "1423"]
[BlackElo "1760"]
[PlyCount "100"]
[EventDate "2011.10.16"]
[EventType "swiss"]
[EventRounds "7"]
[EventCountry "GCI"]
[SourceTitle "EXT 2015"]
[Source "ChessBase"]
[SourceDate "2014.11.20"]
[SourceVersion "1"]
[SourceVersionDate "2014.11.20"]
[SourceQuality "1"]

1. e4 e6 2. d4 d5 3. exd5 exd5 4. Bb5+ c6 5. Ba4 Qa5+ 6. c3 Nf6 7. Bc2 Nbd7 8. Nf3 Bd6 9. Qe2+ Kf8 10. 0-0 Qc7 11. h3 h6 12. Re1 Nb6 13. Ne5 Be6 14. b3 Re8 15. Ba3 Bxa3 16. Nxa3 Qd6 17. Nb1 Nbd7 18. a4 g5 19. Nd2 Kg7 20. Nf1 Nh7 21. Ng3 Ndf6 22. Bf5 Kf8 23. Bxe6 Qxe6 24. Ng6+ Kg7 25. Qxe6 fxe6 26. Nxh8 Kxh8 27. Re2 Kg7 28. Rae1 Kf7 29. Re3 Nf8 30. Kf1 Kg6 31. Re5 N6d7 32. R5e3 Nf6 33. f3 h5 34. Nh1 g4 35. fxg4 hxg4 36. Nf2 gxh3 37. Nxh3 Ne4 38. Nf4+ Kf5 39. g3 Nd2+ 40. Kg2 Nxb3 41. Re5+ Kf6 42. Rf1 Ke7 43. Rb1 Na5 44. Rbe1 Nc4 45. R5e2 Kd6 46. Nd3 a6 47. Nc5 b5 48. axb5 axb5 49. Nb7+ Kc7 50. Nc5 Kd6 1/2-1/2